| 000 | 00000nam 2200000zi 4500 |
| 001 | 9.898527 |
| 003 | CaOODSP |
| 005 | 20250107144056 |
| 006 | m o d f |
| 007 | cr |n||||||||| |
| 008 | 210412e19751030oncbd obs f000 0 fre d |
| 040 | |aCaOODSP|bfre|erda|cCaOODSP |
| 043 | |an-cn-qu |
| 086 | 1 |aRE22-65/1975F-PDF |
| 100 | 1 |aBruneau, Pierre, |eauteur. |
| 245 | 12|aL'impact socio-économique du Centre de plein air familial de St-Damase : |brapport finale / |cpar Pierre Bruneau, Yves Dion, Fernand Harvey. |
| 264 | 1|a[Ottawa] : |bMinistère de l'expansion économique régionale, |cle 30 octobre 1975. |
| 300 | |a1 ressource en ligne (177 pages) : |bcartes, graphiques |
| 336 | |atexte|btxt|2rdacontent/fre |
| 337 | |ainformatique|bc|2rdamedia/fre |
| 338 | |aressource en ligne|bcr|2rdacarrier/fre |
| 500 | |aÉdition numérisée de l'imprimé [par Innovation, Sciences et Développement économique Canada]. |
| 504 | |aComprend des références bibliographiques. |
| 650 | 6|aCentres de loisirs|xAspect économique|zQuébec (Province)|zGaspésie. |
| 650 | 6|aCentres de loisirs|zQuébec (Province)|zGaspésie|vStatistiques. |
| 650 | 0|aRecreation centers|xEconomic aspects|zQuébec (Province)|zGaspésie. |
| 650 | 0|aRecreation centers|zQuébec (Province)|zGaspésie|vStatistics. |
| 655 | 7|aStatistiques|2rvmgf |
| 655 | 7|aStatistics|2lcgft |
| 710 | 1 |aCanada. |bMinistère de l'expansion économique régionale, |eorganisme de publication. |
| 856 | 40|qPDF|s3.13 Mo|uhttps://publications.gc.ca/collections/collection_2024/isde-ised/re22/RE22-65-1975-fra.pdf |